00873nam a2200253Ia 4500003001000000005001700010007000300027008004100030020001500071040003500086082001800121100002000139245008200159250001100241264003800252300002600290336002700316337003300343338002800376650005900404650005300463650008100516700002200597CO-BoRNBP20240221222444.0ta141031s9999 xx 000 0 und d a8449314372 aCO-BoRNBPbspaerdacCO-BoRNBP a808.887bG67e10aGornick, Vivian10aEscribir narrativa personal c Vivian Gornick ; traducción Víctor Pozanco a1a ed. aBarcelona b Paidós, 2003c2003 a152 páginasc23 cm. atextobtxt2rdacontent asin mediaciónbn2rdamedia avolumenbnc2rdacarrier14a Arte de escribir 2LEMBvEnsayos, conferencias, etc. 14aLiteratura 2LEMBv Ensayos, conferencias, etc. 14aCreación literaria, artística, etc. 2LEMBxEnsayos, conferencias, etc. 10aPozanco, Víctor